00553nam a2200193Ia 4500008004100000041001200041082001200053100004200065245004400107260003400151300000700185365000700192520002000199546001200219630004400231650002000275655002000295730004400315101110s9999 xx 000 0 und d aMARATHI bSR26481 aThakur Yogendra aani Ghatpande Mahesh aVyavsay vyavasthapan tantra aani mantra c2004bAamod Prakashan, Mumbai a76 b70 aReference Books aMARATHI aVyavsay vyavasthapan tantra aani mantra aReference Books aReference Books aVyavsay vyavasthapan tantra aani mantra